[Event "Pombal op 11th"]
[White "Vitor, Antonio Pedro Caste"]
[Black "Martins, Manuel Jose Lopes"]
[Site "Pombal"]
[Round "7"]
[Result "1-0"]
[Date "2020.10.05"]
[WhiteElo "2372"]
[BlackElo "1716"]
[PlyCount "43"]
[EventDate "2020.10.02"]
[EventType "swiss"]
[EventRounds "7"]
[EventCountry "POR"]
[SourceTitle "CBM 198 Extra"]
[Source "ChessBase"]
[SourceDate "2020.11.30"]
[SourceVersion "1"]
[SourceVersionDate "2020.11.30"]
[SourceQuality "1"]

1. b3 d6 2. Bb2 e5 3. d4 exd4 4. Qxd4 Nc6 5. Qd2 Nf6 6. Nc3 Be7 7. e4 Be6 8. 0-0-0 Qd7 9. f4 Qc8 10. g3 0-0 11. Kb1 a5 12. a3 Na7 13. a4 c6 14. f5 Bd7 15. g4 Nxg4 16. Nf3 Rd8 17. Rg1 Ne5 18. Nxe5 dxe5 19. Qh6 Bf8 20. Bc4 Kh8 21. Bxf7 Be8 22. f6 1-0

[Event "POR-chT3 final"]
[White "Vitor, Antonio Pedro Caste"]
[Black "Santos, Jose Alves"]
[Site "Evora"]
[Round "1.1"]
[Result "0-1"]
[Date "2019.07.20"]
[WhiteElo "2401"]
[BlackElo "2143"]
[PlyCount "32"]
[EventDate "2019.07.20"]
[EventType "team-tourn"]
[EventRounds "3"]
[EventCountry "POR"]
[SourceTitle "CBM 192 Extra"]
[Source "Chessbase"]
[SourceDate "2019.11.06"]
[SourceVersion "1"]
[SourceVersionDate "2019.11.06"]
[SourceQuality "1"]
[WhiteTeam "Estrelas S Joao de Brito"]
[BlackTeam "Portugal/Atlantidiagonal II"]
[WhiteTeamCountry "POR"]
[BlackTeamCountry "POR"]

1. b3 e5 2. Bb2 Nc6 3. e3 Nf6 4. Nf3 e4 5. Ne5 Nxe5 6. Bxe5 d6 7. Bb2 Bg4 8. Be2 h5 9. d4 c6 10. h3 Bxe2 11. Qxe2 d5 12. Nc3 Bb4 13. a4 a6 14. h4 Qe7 15. g3 Ng4 16. Kf1 0-0 0-1

[Event "Mislata op 43rd"]
[White "Vitor, Antonio Pedro Caste"]
[Black "Pallas i Garrido, Ernest Josep"]
[Site "Mislata"]
[Round "1"]
[Result "1-0"]
[Date "2009.08.24"]
[WhiteElo "2398"]
[BlackElo "1850"]
[PlyCount "75"]
[EventDate "2009.08.24"]
[EventType "swiss"]
[EventRounds "9"]
[EventCountry "ESP"]
[SourceTitle "CBM 131 Extra"]
[Source "ChessBase"]
[SourceDate "2009.09.03"]
[SourceVersion "2"]
[SourceVersionDate "2009.09.16"]
[SourceQuality "1"]

1. e4 e6 2. d3 d5 3. Nd2 Nf6 4. g3 c5 5. Bg2 Nc6 6. Nh3 Be7 7. 0-0 0-0 8. f4 b5 9. Nf2 a5 10. g4 Ba6 11. g5 Ne8 12. exd5 exd5 13. c4 bxc4 14. dxc4 Nc7 15. Re1 Re8 16. b3 Qd6 17. cxd5 Nxd5 18. Nc4 Bxc4 19. bxc4 Ndb4 20. a3 Qxd1 21. Rxd1 Nc2 22. Ra2 N2d4 23. Bd5 Rab8 24. f5 Rb3 25. g6 hxg6 26. fxg6 Nf3+ 27. Kh1 Nce5 28. gxf7+ Nxf7 29. Nd3 Nd4 30. Ne5 Rf8 31. Rb2 a4 32. Rxb3 axb3 33. Bb2 Nc2 34. Nxf7 Rxf7 35. Rd3 Nd4 36. Bxd4 cxd4 37. Rxb3 g6 38. Rf3 1-0

[Event "POR-ch"]
[White "Vitor, Antonio Pedro Caste"]
[Black "Andrade, Jose Manuel Vieira"]
[Site "Almada"]
[Round "9"]
[Result "1-0"]
[Date "2008.09.04"]
[WhiteElo "2375"]
[BlackElo "2290"]
[PlyCount "107"]
[EventDate "2008.08.27"]
[EventType "tourn"]
[EventRounds "9"]
[EventCountry "POR"]
[EventCategory "5"]
[SourceTitle "CBM 126 Extra"]
[Source "ChessBase"]
[SourceDate "2008.11.05"]
[SourceVersion "1"]
[SourceVersionDate "2008.11.05"]
[SourceQuality "1"]

1. e4 e5 2. Bc4 Nf6 3. d3 Bc5 4. Nc3 d6 5. f4 Nc6 6. f5 Na5 7. a3 Nxc4 8. dxc4 Bd4 9. Nge2 Bxc3+ 10. Nxc3 h6 11. Be3 b6 12. Qe2 Qd7 13. 0-0-0 Qc6 14. Bf2 Ba6 15. b3 Bb7 16. Rhe1 a6 17. Kb2 Qd7 18. Bh4 Nh7 19. Qh5 Nf8 20. Qe2 Nh7 21. Qh5 Nf8 22. Qf3 Nh7 23. Qg3 Rg8 24. Qd3 g5 25. fxg6 fxg6 26. Nd5 Rf8 27. Rf1 g5 28. Rxf8+ Kxf8 29. Bg3 Kg7 30. h4 Rf8 31. hxg5 Nxg5 32. Bh4 Bxd5 33. cxd5 Qg4 34. Bxg5 hxg5 35. Rd2 a5 36. a4 Rf4 37. Re2 Rf7 38. Re3 Kg6 39. Rg3 Qh4 40. Rf3 Rf4 41. g3 Rxf3 42. Qxf3 Qh3 43. Kc3 Qd7 44. g4 Kg7 45. Qf5 Qe7 46. Kc4 Qd8 47. Qe6 Qf8 48. Qd7+ Kh6 49. Qf5 Qe7 50. Qe6+ Qxe6 51. dxe6 Kg6 52. Kd5 Kf6 53. c4 Ke7 54. Kc6 1-0

[Event "POR-ch"]
[White "Fernando, Diogo"]
[Black "Vitor, Antonio Pedro Caste"]
[Site "Almada"]
[Round "4"]
[Result "1-0"]
[Date "2008.08.31"]
[WhiteElo "2449"]
[BlackElo "2375"]
[PlyCount "55"]
[EventDate "2008.08.27"]
[EventType "tourn"]
[EventRounds "9"]
[EventCountry "POR"]
[EventCategory "5"]
[SourceTitle "CBM 126 Extra"]
[Source "ChessBase"]
[SourceDate "2008.11.05"]
[SourceVersion "1"]
[SourceVersionDate "2008.11.05"]
[SourceQuality "1"]

1. e4 c5 2. Nf3 Nc6 3. Nc3 g6 4. d4 cxd4 5. Nxd4 Bg7 6. Be3 Nf6 7. Bc4 0-0 8. Bb3 a5 9. 0-0 Nxd4 10. Bxd4 d6 11. Re1 Bd7 12. a4 Bc6 13. Nd5 Nd7 14. Bxg7 Kxg7 15. Bc4 Nc5 16. b3 e5 17. Re3 f5 18. exf5 Rxf5 19. Qd2 Qg5 20. f4 exf4 21. h4 Qd8 22. Re7+ Kh6 23. g4 Bxd5 24. g5+ Kh5 25. Rxh7+ Kg4 26. Bxd5 Rf8 27. Qg2+ Kf5 28. Re1 1-0

[Event "POR-ch"]
[White "Vitor, Antonio Pedro Caste"]
[Black "Diogo, Vasco Andre Marcalo"]
[Site "Almada"]
[Round "1"]
[Result "1-0"]
[Date "2008.08.27"]
[WhiteElo "2375"]
[BlackElo "2294"]
[PlyCount "95"]
[EventDate "2008.08.27"]
[EventType "tourn"]
[EventRounds "9"]
[EventCountry "POR"]
[EventCategory "5"]
[SourceTitle "CBM 126 Extra"]
[Source "ChessBase"]
[SourceDate "2008.11.05"]
[SourceVersion "1"]
[SourceVersionDate "2008.11.05"]
[SourceQuality "1"]

1. d4 d5 2. c4 c6 3. Nf3 Nf6 4. Nc3 a6 5. e3 b5 6. c5 Nbd7 7. Bd2 Qc7 8. b4 e5 9. a4 Rb8 10. axb5 axb5 11. dxe5 Nxe5 12. Nxe5 Qxe5 13. Bd3 d4 14. Ne2 dxe3 15. Bxe3 Nd5 16. Bd2 Be7 17. 0-0 0-0 18. Qc2 g6 19. Ra7 Bf6 20. Rb1 Bg4 21. Ng3 Ra8 22. Rxa8 Rxa8 23. h3 Be6 24. Ne4 Bg7 25. Ng5 Bd7 26. Nf3 Qh5 27. Nh2 Ra3 28. Rb3 Rxb3 29. Qxb3 Qe5 30. Nf1 Qa1 31. Bxb5 Qd4 32. Qa4 Qa1 33. Qxa1 Bxa1 34. Bc4 Be6 35. Ne3 Nxe3 36. Bxe6 fxe6 37. fxe3 Kf7 38. Kf2 Kf6 39. Ke2 Kg5 40. e4+ Kh4 41. Bf4 e5 42. Bh2 Bd4 43. b5 Bxc5 44. bxc6 Bd6 45. Kd3 Kg5 46. Kc4 Kf6 47. Kd5 Bc7 48. Bg1 1-0

[Event "Merida Ruy Lopez IM"]
[White "Vitor, Antonio Pedro Caste"]
[Black "Frois, Antonio"]
[Site "Merida"]
[Round "8"]
[Result "1/2-1/2"]
[Date "2008.04.10"]
[WhiteElo "2368"]
[BlackElo "2370"]
[PlyCount "35"]
[EventDate "2008.04.05"]
[EventType "tourn"]
[EventRounds "9"]
[EventCountry "ESP"]
[EventCategory "5"]
[SourceTitle "CBM 123 Extra"]
[Source "ChessBase"]
[SourceDate "2008.05.06"]
[SourceVersion "1"]
[SourceVersionDate "2008.05.06"]
[SourceQuality "1"]

1. d4 Nf6 2. Nf3 g6 3. c4 Bg7 4. Nc3 0-0 5. e4 d6 6. Be2 e5 7. 0-0 c6 8. Re1 exd4 9. Nxd4 Re8 10. Bf1 Ng4 11. h3 Qb6 12. hxg4 Qxd4 13. g5 Qxd1 14. Rxd1 Be6 15. Na4 Na6 16. Be3 Nc5 17. Nxc5 dxc5 18. Rd2 1/2-1/2

[Event "Merida Ruy Lopez IM"]
[White "Vitor, Antonio Pedro Caste"]
[Black "Strikovic, Aleksa"]
[Site "Merida"]
[Round "5"]
[Result "1/2-1/2"]
[Date "2008.04.07"]
[WhiteElo "2368"]
[BlackElo "2530"]
[PlyCount "73"]
[EventDate "2008.04.05"]
[EventType "tourn"]
[EventRounds "9"]
[EventCountry "ESP"]
[EventCategory "5"]
[SourceTitle "CBM 123 Extra"]
[Source "ChessBase"]
[SourceDate "2008.05.06"]
[SourceVersion "1"]
[SourceVersionDate "2008.05.06"]
[SourceQuality "1"]

1. d4 d6 2. Nf3 g6 3. c4 Nf6 4. Nc3 Bg7 5. e4 0-0 6. Be2 c5 7. 0-0 Nc6 8. d5 Na5 9. Bg5 h6 10. Bd2 e5 11. Qc2 a6 12. Rab1 Bd7 13. b4 cxb4 14. Rxb4 Rc8 15. Rc1 Bg4 16. Be3 Nd7 17. Ne1 Bxe2 18. Qxe2 f5 19. f3 f4 20. Bd2 Rc7 21. Ra4 b6 22. Nd1 Nc5 23. Rxa5 bxa5 24. Bxa5 Rff7 25. Nd3 Nxd3 26. Qxd3 Qh4 27. Bxc7 Qe1+ 28. Qf1 Qd2 29. Nf2 Rxc7 30. c5 dxc5 31. Qc4 Qd4 32. Qd3 Qxd3 33. Nxd3 c4 34. d6 Rd7 35. Rxc4 Rxd6 36. Kf2 g5 37. Ke2 1/2-1/2

[Event "Lisbon National-A"]
[White "Reis, Luis Sousa"]
[Black "Vitor, Antonio Pedro Caste"]
[Site "Lisbon"]
[Round "8"]
[Result "0-1"]
[Date "2008.??.??"]
[WhiteElo "2253"]
[BlackElo "2368"]
[PlyCount "74"]
[EventDate "2008.06.26"]
[EventType "tourn"]
[EventRounds "9"]
[EventCountry "POR"]
[EventCategory "4"]
[SourceTitle "EXT 2011"]
[Source "ChessBase"]
[SourceDate "2010.11.26"]
[SourceVersion "1"]
[SourceVersionDate "2010.11.26"]
[SourceQuality "1"]

1. e4 c5 2. f4 d5 3. exd5 Qxd5 4. Nc3 Qd8 5. Ne4 Qd5 6. Nc3 Qd8 7. Ne4 Qc7 8. Bc4 Nf6 9. d3 Nc6 10. Nf3 Bg4 11. 0-0 e6 12. c3 0-0-0 13. Qa4 Nd5 14. Ne5 Nb6 15. Qc2 Bf5 16. Nxc6 Qxc6 17. Ng3 g6 18. a3 Rg8 19. b4 Nxc4 20. Nxf5 gxf5 21. dxc4 Be7 22. Be3 Rd3 23. Rfe1 Rxc3 24. Qf2 Bf6 25. b5 Qc7 26. Bxc5 b6 27. Be3 Rd8 28. Rad1 Rxd1 29. Rxd1 Rxc4 30. Qg3 Qe7 31. Qg8+ Kb7 32. Qxh7 Rc7 33. Qh6 Qxa3 34. Bxb6 Rc1 35. Qh5 Kxb6 36. Rxc1 Qxc1+ 37. Kf2 Qxf4+ 0-1

[Event "Lisbon National-A"]
[White "Vitor, Antonio Pedro Caste"]
[Black "Damaso, Rui"]
[Site "Lisbon"]
[Round "2"]
[Result "1/2-1/2"]
[Date "2008.??.??"]
[WhiteElo "2368"]
[BlackElo "2449"]
[PlyCount "28"]
[EventDate "2008.06.26"]
[EventType "tourn"]
[EventRounds "9"]
[EventCountry "POR"]
[EventCategory "4"]
[SourceTitle "EXT 2011"]
[Source "ChessBase"]
[SourceDate "2010.11.26"]
[SourceVersion "1"]
[SourceVersionDate "2010.11.26"]
[SourceQuality "1"]

1. d4 Nf6 2. c4 e6 3. Nf3 d5 4. Nc3 Be7 5. cxd5 exd5 6. Bf4 0-0 7. e3 c6 8. Bd3 Nbd7 9. Qc2 Re8 10. 0-0 Nf8 11. h3 Ne6 12. Bh2 g6 13. Rab1 Ng7 14. Rfc1 Bf5 1/2-1/2

[Event "Figueira da Foz op 4th"]
[White "Vitor, Antonio Pedro Caste"]
[Black "Romanishin, Oleg M"]
[Site "Figueira da Foz"]
[Round "7"]
[Result "1/2-1/2"]
[Date "2007.11.02"]
[WhiteElo "2371"]
[BlackElo "2547"]
[PlyCount "79"]
[EventDate "2007.10.28"]
[EventType "swiss"]
[EventRounds "9"]
[EventCountry "POR"]
[SourceTitle "EXT 2008"]
[Source "ChessBase"]
[SourceDate "2007.11.25"]
[SourceVersion "1"]
[SourceVersionDate "2007.11.25"]
[SourceQuality "1"]

1. Nf3 Nf6 2. c4 e6 3. g3 a6 4. Bg2 b5 5. b3 c5 6. Nc3 Qa5 7. 0-0 Bb7 8. e3 Be7 9. Qe2 b4 10. Na4 d6 11. d4 Qc7 12. dxc5 dxc5 13. Bb2 Nbd7 14. Nd2 Bxg2 15. Kxg2 0-0 16. Rad1 Rad8 17. f4 e5 18. Qf3 Rfe8 19. f5 Bd6 20. e4 Nb8 21. Rfe1 Nc6 22. Nf1 Nd4 23. Bxd4 cxd4 24. Nb2 Qa5 25. Re2 Re7 26. Nd3 Rde8 27. Rde1 Bc5 28. Kg1 h6 29. Qg2 Qc7 30. Nd2 Ng4 31. Nf1 a5 32. Qh3 Nf6 33. Nd2 Bd6 34. Qh4 Nd7 35. Nf3 Bc5 36. Kg2 Qc6 37. Kf2 a4 38. Qg4 Nf8 39. Qh4 Nd7 40. Qg4 1/2-1/2

[Event "Figueira da Foz op 4th"]
[White "Paunovic, Dragan"]
[Black "Vitor, Antonio Pedro Caste"]
[Site "Figueira da Foz"]
[Round "4"]
[Result "1-0"]
[Date "2007.10.31"]
[WhiteElo "2535"]
[BlackElo "2371"]
[PlyCount "53"]
[EventDate "2007.10.28"]
[EventType "swiss"]
[EventRounds "9"]
[EventCountry "POR"]
[SourceTitle "EXT 2008"]
[Source "ChessBase"]
[SourceDate "2007.11.25"]
[SourceVersion "1"]
[SourceVersionDate "2007.11.25"]
[SourceQuality "1"]

1. c4 c5 2. g3 g6 3. Bg2 Bg7 4. Nc3 Nc6 5. e3 d6 6. Nge2 Nf6 7. 0-0 Bd7 8. d4 Qc8 9. b3 h5 10. h4 Bh3 11. Bb2 0-0 12. Qd2 Rd8 13. d5 Bxg2 14. Kxg2 Ne5 15. Nf4 Rb8 16. Rae1 a6 17. a4 b6 18. e4 Bh6 19. f3 Qd7 20. Qe2 Re8 21. Nd3 Qc7 22. f4 Nxd3 23. Qxd3 Ng4 24. Re2 Bg7 25. Rfe1 Bd4 26. Nd1 Bxb2 27. Rxb2 1-0

[Event "Figueira da Foz op 4th"]
[White "Vitor, Antonio Pedro Caste"]
[Black "Morais, Vitor Mestre"]
[Site "Figueira da Foz"]
[Round "2"]
[Result "1/2-1/2"]
[Date "2007.10.29"]
[WhiteElo "2371"]
[BlackElo "2113"]
[PlyCount "67"]
[EventDate "2007.10.28"]
[EventType "swiss"]
[EventRounds "9"]
[EventCountry "POR"]
[SourceTitle "EXT 2008"]
[Source "ChessBase"]
[SourceDate "2007.11.25"]
[SourceVersion "1"]
[SourceVersionDate "2007.11.25"]
[SourceQuality "1"]

1. d4 d5 2. c4 Nf6 3. cxd5 Nxd5 4. Nf3 e6 5. g3 c5 6. Bg2 Nc6 7. 0-0 Be7 8. dxc5 Bxc5 9. e4 Ndb4 10. Qxd8+ Nxd8 11. a3 Nd3 12. b4 Nxc1 13. Rxc1 Bb6 14. Nbd2 0-0 15. b5 f6 16. a4 Nf7 17. a5 Bd8 18. Nd4 e5 19. Nf5 g6 20. Ne3 Bd7 21. Bf1 Rc8 22. Rxc8 Bxc8 23. Bc4 Kg7 24. Bd5 Nd6 25. a6 bxa6 26. bxa6 Bb6 27. Kg2 Rd8 28. Ndc4 Nxc4 29. Nxc4 Bd4 30. Ra5 Rd7 31. Be6 Rc7 32. Bxc8 Rxc4 33. Be6 Rc2 34. Ra2 1/2-1/2

[Event "Albacete op 15th"]
[White "Vassallo Barroche, Mauricio"]
[Black "Vitor, Antonio Pedro Caste"]
[Site "Albacete"]
[Round "7"]
[Result "1/2-1/2"]
[Date "2007.09.05"]
[WhiteElo "2387"]
[BlackElo "2373"]
[PlyCount "49"]
[EventDate "2007.09.02"]
[EventType "swiss"]
[EventRounds "9"]
[EventCountry "ESP"]
[SourceTitle "CBM 120 Extra"]
[Source "ChessBase"]
[SourceDate "2007.11.01"]
[SourceVersion "1"]
[SourceVersionDate "2007.11.01"]
[SourceQuality "1"]

1. d4 g6 2. e4 Bg7 3. Nf3 d6 4. c3 b6 5. Bd3 Bb7 6. 0-0 e6 7. Re1 a6 8. Nbd2 Nd7 9. Nc4 Ne7 10. h3 h6 11. Bf4 0-0 12. e5 dxe5 13. Nfxe5 Nf6 14. Bf1 Nf5 15. Ne3 Nxe3 16. Bxe3 Kh7 17. a4 Nd7 18. Bf4 a5 19. Qc2 Qe7 20. Nxd7 Qxd7 21. Be5 Rac8 22. Rad1 Rfd8 23. Rd3 Ba6 24. Rdd1 Bxf1 25. Kxf1 1/2-1/2

[Event "Albacete op 15th"]
[White "Mayor Martinez, Juan Jose"]
[Black "Vitor, Antonio Pedro Caste"]
[Site "Albacete"]
[Round "1"]
[Result "0-1"]
[Date "2007.09.02"]
[WhiteElo "1872"]
[BlackElo "2373"]
[PlyCount "60"]
[EventDate "2007.09.02"]
[EventType "swiss"]
[EventRounds "9"]
[EventCountry "ESP"]
[SourceTitle "CBM 120 Extra"]
[Source "ChessBase"]
[SourceDate "2007.11.01"]
[SourceVersion "1"]
[SourceVersionDate "2007.11.01"]
[SourceQuality "1"]

1. e4 d5 2. exd5 Qxd5 3. Nc3 Qd8 4. d4 Nf6 5. Nf3 a6 6. Be2 Nc6 7. Be3 Bf5 8. a3 e6 9. 0-0 Bd6 10. b4 Nd5 11. Nxd5 exd5 12. c3 0-0 13. Bd3 Qd7 14. Qc2 Bg6 15. Bxg6 fxg6 16. Qe2 Rae8 17. Rae1 h6 18. Qc2 Rf5 19. Bd2 Ref8 20. Re3 g5 21. Qd3 Ne7 22. Ne5 Bxe5 23. dxe5 Qe6 24. b5 Ng6 25. bxa6 bxa6 26. Qd4 Nf4 27. g3 Nh3+ 28. Kg2 Rxf2+ 29. Rxf2 Rxf2+ 30. Kh1 Rf1+ 0-1

[Event "POR-chT 49th"]
[White "Riazantsev, Alexander"]
[Black "Vitor, Antonio Pedro Caste"]
[Site "Evora"]
[Round "9"]
[Result "1-0"]
[Date "2007.08.05"]
[WhiteElo "2615"]
[BlackElo "2373"]
[PlyCount "69"]
[EventDate "2007.07.28"]
[EventType "team-tourn"]
[EventRounds "9"]
[EventCountry "POR"]
[SourceTitle "CBM 119 Extra"]
[Source "ChessBase"]
[SourceDate "2007.09.04"]
[SourceVersion "1"]
[SourceVersionDate "2007.09.04"]
[SourceQuality "1"]

1. d4 d5 2. c4 c6 3. Nf3 Nf6 4. e3 e6 5. Bd3 dxc4 6. Bxc4 c5 7. 0-0 a6 8. Bd3 b6 9. e4 cxd4 10. e5 Nfd7 11. Be4 Ra7 12. Bg5 Be7 13. Bxe7 Qxe7 14. Qxd4 f5 15. exf6 Qxf6 16. Qd6 Qe7 17. Qg3 Bb7 18. Bxh7 Bxf3 19. Bg6+ Kd8 20. Qxf3 Qh4 21. h3 Ne5 22. Qe3 Nbd7 23. Bc2 g5 24. f4 gxf4 25. Rxf4 Qh6 26. Nc3 Nc4 27. Qg3 Rc7 28. Bb3 b5 29. Bxc4 Rxc4 30. Rxc4 bxc4 31. Rd1 Ke8 32. Ne4 Rf8 33. Nd6+ Ke7 34. Nxc4 Qf4 35. Qg7+ 1-0

[Event "POR-chT 49th"]
[White "Vitor, Antonio Pedro Caste"]
[Black "Johannessen, Leif Erlend"]
[Site "Evora"]
[Round "8"]
[Result "0-1"]
[Date "2007.08.04"]
[WhiteElo "2373"]
[BlackElo "2531"]
[PlyCount "100"]
[EventDate "2007.07.28"]
[EventType "team-tourn"]
[EventRounds "9"]
[EventCountry "POR"]
[SourceTitle "CBM 119 Extra"]
[Source "ChessBase"]
[SourceDate "2007.09.04"]
[SourceVersion "1"]
[SourceVersionDate "2007.09.04"]
[SourceQuality "1"]

1. Nf3 Nf6 2. c4 e6 3. Nc3 d5 4. d4 Be7 5. Bg5 h6 6. Bh4 0-0 7. e3 b6 8. Bxf6 Bxf6 9. cxd5 exd5 10. b4 c5 11. bxc5 bxc5 12. Be2 Nc6 13. 0-0 cxd4 14. Nxd4 Nxd4 15. exd4 Qa5 16. Nxd5 Qxd5 17. Bf3 Qxd4 18. Bxa8 Qxa1 19. Qxa1 Bxa1 20. Rxa1 Be6 21. Bb7 Rb8 22. Ba6 Rb2 23. a3 Kf8 24. f3 g5 25. Rd1 Ra2 26. Rd3 h5 27. Bb7 Kg7 28. Bd5 Ra1+ 29. Kf2 Bf5 30. Be4 Ra2+ 31. Kg1 Bxe4 32. fxe4 g4 33. h3 Re2 34. Rd5 Kg6 35. hxg4 hxg4 36. Ra5 g3 37. Kf1 Rxe4 38. Rxa7 f5 39. Rb7 Re3 40. a4 Kg5 41. Rb4 Ra3 42. Rc4 f4 43. Rc8 Rxa4 44. Ke2 Ra2+ 45. Kf3 Rf2+ 46. Ke4 Re2+ 47. Kd3 Rxg2 48. Rg8+ Kf5 49. Rg7 Rf2 50. Rg8 g2 0-1

[Event "Lisbon Masters"]
[White "Damaso, Rui"]
[Black "Vitor, Antonio Pedro Caste"]
[Site "Lisbon"]
[Round "5"]
[Result "0-1"]
[Date "2007.05.25"]
[WhiteElo "2438"]
[BlackElo "2367"]
[PlyCount "70"]
[EventDate "2007.05.21"]
[EventType "tourn"]
[EventRounds "9"]
[EventCountry "POR"]
[EventCategory "4"]
[SourceTitle "CBM 118 Extra"]
[Source "ChessBase"]
[SourceDate "2007.07.04"]
[SourceVersion "1"]
[SourceVersionDate "2007.07.04"]
[SourceQuality "1"]

1. e4 c5 2. Nc3 Nc6 3. Bb5 d6 4. Bxc6+ bxc6 5. f4 g6 6. Nf3 Bg4 7. 0-0 Bg7 8. d3 Nf6 9. Qe1 Bxf3 10. Rxf3 Nd7 11. Kh1 Rb8 12. b3 Qa5 13. Bd2 Qa3 14. e5 dxe5 15. Na4 Nb6 16. Bc1 Qb4 17. Bd2 Qa3 18. Nxb6 axb6 19. fxe5 Qb2 20. Bc3 Qxc2 21. Rf2 Qxd3 22. Rd1 Qa6 23. e6 f6 24. Rd7 0-0 25. Rxe7 Rbe8 26. Rd7 Qc8 27. Rfd2 Kh8 28. h3 Qb8 29. e7 Rg8 30. Qe6 Qf4 31. Rd1 f5 32. Bf6 Qe4 33. Qxe4 fxe4 34. Rd8 Bxf6 35. Rxe8 Rxe8 0-1

[Event "Barreiro Mestres"]
[White "Damaso, Rui"]
[Black "Vitor, Antonio Pedro Caste"]
[Site "Barreiro"]
[Round "5"]
[Result "1-0"]
[Date "2006.11.18"]
[WhiteElo "2449"]
[BlackElo "2414"]
[PlyCount "77"]
[EventDate "2006.11.14"]
[EventType "tourn"]
[EventRounds "9"]
[EventCountry "POR"]
[EventCategory "6"]
[SourceTitle "CBM 115 Extra"]
[Source "ChessBase"]
[SourceDate "2007.01.10"]
[SourceVersion "1"]
[SourceVersionDate "2007.01.10"]
[SourceQuality "1"]

1. e4 c5 2. Nf3 e6 3. d4 cxd4 4. Nxd4 Nc6 5. Nc3 a6 6. Nxc6 bxc6 7. Bd3 d5 8. 0-0 Nf6 9. b3 Bd6 10. Qe1 Be7 11. Bb2 0-0 12. Rd1 Qc7 13. Na4 Re8 14. f4 dxe4 15. Bxe4 Nxe4 16. Qxe4 Rb8 17. Be5 Qa7+ 18. Kh1 c5 19. Bxb8 Qxb8 20. Qe5 Qb4 21. c4 Qa5 22. h3 h6 23. Rd3 Bf8 24. f5 f6 25. Qe2 Qc7 26. Nc3 Qf7 27. Re3 e5 28. Rd3 e4 29. Nxe4 Re5 30. Rd5 Rxd5 31. cxd5 Qxd5 32. Qc4 Bb7 33. Nc3 Qxc4 34. bxc4 Bd6 35. Rb1 Bc8 36. Rd1 Be7 37. Nd5 Kf7 38. Nxe7 Kxe7 39. Rd5 1-0

[Event "Barreiro Mestres"]
[White "Vitor, Antonio Pedro Caste"]
[Black "Fernando, Diogo"]
[Site "Barreiro"]
[Round "2"]
[Result "1/2-1/2"]
[Date "2006.11.15"]
[WhiteElo "2414"]
[BlackElo "2465"]
[PlyCount "68"]
[EventDate "2006.11.14"]
[EventType "tourn"]
[EventRounds "9"]
[EventCountry "POR"]
[EventCategory "6"]
[SourceTitle "CBM 115 Extra"]
[Source "ChessBase"]
[SourceDate "2007.01.10"]
[SourceVersion "1"]
[SourceVersionDate "2007.01.10"]
[SourceQuality "1"]

1. c4 d6 2. d4 e5 3. Nf3 e4 4. Ng5 Nf6 5. Nc3 Qe7 6. Qc2 Nc6 7. e3 Bf5 8. Nh3 Nd8 9. f4 c6 10. Nf2 h5 11. Be2 d5 12. b3 Rc8 13. Bb2 Qd7 14. Qd2 Bb4 15. a3 Be7 16. b4 Kf8 17. 0-0-0 Ne6 18. g3 Ng4 19. Rdf1 Nxf2 20. Rxf2 dxc4 21. Bxc4 b5 22. Bb3 a5 23. Na2 Nc7 24. bxa5 Be6 25. Bxe6 Qxe6 26. Kb1 f5 27. Rc1 Nd5 28. Qe1 Kf7 29. Rfc2 Rc7 30. Nb4 Rhc8 31. Na6 Rb7 32. Nb4 Rbc7 33. Na6 Ra7 34. Nb4 Rac7 1/2-1/2

[Event "Barreiro Mestres"]
[White "Rocha, Sergio MC"]
[Black "Vitor, Antonio Pedro Caste"]
[Site "Barreiro"]
[Round "1"]
[Result "1/2-1/2"]
[Date "2006.11.14"]
[WhiteElo "2410"]
[BlackElo "2414"]
[PlyCount "24"]
[EventDate "2006.11.14"]
[EventType "tourn"]
[EventRounds "9"]
[EventCountry "POR"]
[EventCategory "6"]
[SourceTitle "CBM 115 Extra"]
[Source "ChessBase"]
[SourceDate "2007.01.10"]
[SourceVersion "1"]
[SourceVersionDate "2007.01.10"]
[SourceQuality "1"]

1. e4 c5 2. Nf3 e6 3. d4 cxd4 4. Nxd4 Nc6 5. Nxc6 bxc6 6. Bd3 Nf6 7. 0-0 d5 8. Nd2 Be7 9. Re1 0-0 10. e5 Nd7 11. Nf3 Bb7 12. Bf4 Nc5 1/2-1/2

[Event "Budapest FS10 GM"]
[White "Prohaszka, Peter"]
[Black "Vitor, Antonio Pedro Caste"]
[Site "Budapest"]
[Round "9"]
[Result "1-0"]
[Date "2006.10.15"]
[WhiteElo "2392"]
[BlackElo "2414"]
[PlyCount "95"]
[EventDate "2006.10.07"]
[EventType "tourn"]
[EventRounds "9"]
[EventCountry "HUN"]
[EventCategory "7"]
[SourceTitle "CBM 114 Extra"]
[Source "ChessBase"]
[SourceDate "2006.11.03"]
[SourceVersion "1"]
[SourceVersionDate "2006.11.03"]
[SourceQuality "1"]

1. d4 d6 2. c4 e5 3. Nf3 e4 4. Ng5 f5 5. Nc3 c6 6. g3 Nf6 7. Bg2 h6 8. Nh3 g5 9. Ng1 d5 10. h4 Rg8 11. hxg5 hxg5 12. Nh3 g4 13. Nf4 dxc4 14. f3 Bb4 15. fxe4 fxe4 16. 0-0 Qe7 17. Qc2 Bxc3 18. Qxc3 Be6 19. b3 cxb3 20. axb3 Bd5 21. Nxd5 Nxd5 22. Qc2 Nf6 23. Rf5 Nbd7 24. Bg5 Rxg5 25. Rxg5 Qd6 26. Qc3 Kd8 27. Qe3 Kc7 28. Qf4 Qxf4 29. gxf4 a6 30. e3 b5 31. Bf1 Nd5 32. Bxb5 Rb8 33. Bc4 Nxe3 34. Rxa6 Nxc4 35. bxc4 Rb1+ 36. Kf2 Kb7 37. Ra2 Nb6 38. Rg7+ Kb8 39. Rc2 Rb4 40. Kg3 Nxc4 41. Rh2 Nd6 42. Rh8+ Nc8 43. Rgg8 Rxd4 44. Rxc8+ Kb7 45. Rb8+ Ka7 46. Ra8+ Kb7 47. Rab8+ Ka7 48. Kxg4 1-0

[Event "Budapest FS10 GM"]
[White "Ilincic, Zlatko"]
[Black "Vitor, Antonio Pedro Caste"]
[Site "Budapest"]
[Round "7"]
[Result "1-0"]
[Date "2006.10.13"]
[WhiteElo "2451"]
[BlackElo "2414"]
[PlyCount "57"]
[EventDate "2006.10.07"]
[EventType "tourn"]
[EventRounds "9"]
[EventCountry "HUN"]
[EventCategory "7"]
[SourceTitle "CBM 114 Extra"]
[Source "ChessBase"]
[SourceDate "2006.11.03"]
[SourceVersion "1"]
[SourceVersionDate "2006.11.03"]
[SourceQuality "1"]

1. d4 d5 2. c4 dxc4 3. e4 e5 4. Nf3 exd4 5. Bxc4 Nc6 6. 0-0 Nf6 7. e5 Ne4 8. Bb5 Qd5 9. Nxd4 Bd7 10. Bxc6 Bxc6 11. Nxc6 Qxc6 12. Qf3 0-0-0 13. Be3 Rd3 14. Qxf7 Qd7 15. Qc4 Qd5 16. Qa4 a5 17. Nc3 Nxc3 18. bxc3 Qxe5 19. Bd4 Qh5 20. Rfe1 Bd6 21. g3 b6 22. Bxb6 Rxc3 23. Bd4 Rd3 24. Qc4 Qf5 25. Rac1 Rd8 26. Qa6+ Kd7 27. Qc6+ Kc8 28. Re7 Rd1+ 29. Kg2 1-0